000
00329nam a2200145Ia 4500
008
230312s9999||||xx |||||||||||||| ||und||
020
_a
1-85029-914-5
082
_a
712.6
_b
HAR-P
100
_a
Harte;Sunniva
245
0
_a
Perfect Country Garden
260
_a
UK
_c
1965
300
_a
144
650
_a
Architecture
942
_c
BK
999
_c
12031
_d
12031